Catálogo
 En Linea

La faz de Duarte : (Registro nro. 53016)

Detalles MARC
000 -CABECERA
campo de control de longitud fija 01230nam a2200289 a 4500
003 - IDENTIFICADOR DEL NÚMERO DE CONTROL
campo de control DO-SdBNP
005 - FECHA Y HORA DE LA ÚLTIMA TRANSACCIÓN
campo de control 20250129073606.0
007 - CAMPO FIJO DE DESCRIPCIÓN FÍSICA--INFORMACIÓN GENERAL
campo de control de longitud fija ta
008 - DATOS DE LONGITUD FIJA--INFORMACIÓN GENERAL
campo de control de longitud fija 110310t2002 dr acf 001 0bspa d
020 ## - NÚMERO INTERNACIONAL ESTÁNDAR DEL LIBRO
Número Internacional Estándar del Libro 980078537x
040 ## - FUENTE DE LA CATALOGACIÓN
Centro catalogador/agencia de origen DO-SdBNP
Lengua de catalogación spa
Centro/agencia transcriptor BNPHU
082 #4 - NÚMERO DE LA CLASIFICACIÓN DECIMAL DEWEY
Número de clasificación 923.27293
Número de documento/Ítem D812p
Número de edición 22
100 1# - ENTRADA PRINCIPAL--NOMBRE DE PERSONA
Nombre de persona Portillo, Julio,
Fechas asociadas al nombre 1944-
9 (RLIN) 16192
245 13 - MENCIÓN DE TÍTULO
Título La faz de Duarte :
Resto del título iconografía /
Mención de responsabilidad, etc. Julio Portillo ; prologo Juan Daniel Balcácer.
260 ## - PUBLICACIÓN, DISTRIBUCIÓN, ETC.
Lugar de publicación, distribución, etc. Caracas :
Nombre del editor, distribuidor, etc. Arte,
Fecha de publicación, distribución, etc. 2002.
300 ## - DESCRIPCIÓN FÍSICA
Extensión 151 p. :
Otras características físicas il., facsíms., retrs. ;
Dimensiones 30 cm.
500 ## - NOTA GENERAL
Nota general Incluye índice onomástico y notas al pie de páginas
500 ## - NOTA GENERAL
Nota general Edición de Baninter.
504 ## - NOTA DE BIBLIOGRAFÍA, ETC.
Nota de bibliografía, etc. Bibliografía p. 145-148
505 0# - NOTA DE CONTENIDO CON FORMATO
Nota de contenido con formato Prálogo //
Mención de responsabilidad Juan Daniel Balcácer --
Título La faz de Duarte --
-- Notas biográficas --
-- Duarte en la pintura y el dibujo --
-- Duarte en la escultura --
-- Duarte en la numismática --
-- Duarte en la Filatelia --
-- Otros recuerdos --
-- El verdadero rostro de Duarte --
Información miscelánea Bibliografía --
-- Índice onomástico.
590 ## - NOTA LOCAL (RLIN)
Nota local Inventariado, 2022/ YL
600 10 - PUNTO DE ACCESO ADICIONAL DE MATERIA--NOMBRE DE PERSONA
Nombre de persona Duarte, Juan Pablo,
Fechas asociadas al nombre 1813-1876
9 (RLIN) 1494
650 #4 - PUNTO DE ACCESO ADICIONAL DE MATERIA--TÉRMINO DE MATERIA
Término de materia o nombre geográfico como elemento de entrada Arte e historia
9 (RLIN) 22881
700 1# - PUNTO DE ACCESO ADICIONAL--NOMBRE DE PERSONA
Nombre de persona Balcácer, Juan Daniel,
Fechas asociadas al nombre 1949-
Término indicativo de función/relación pról.
9 (RLIN) 6566
910 ## - DATOS DE OPCIÓN DEL USUARIO (OCLC)
Datos de opción del usuario YLockward
942 ## - ELEMENTOS DE PUNTO DE ACCESO ADICIONAL (KOHA)
Fuente del sistema de clasificación o colocación Dewey Decimal Classification
Tipo de ítem Koha Libro
Existencias
Estado de retiro Estado de pérdida Fuente del sistema de clasificación o colocación Restricciones de uso No para préstamo Código de colección Localización permanente Ubicación/localización actual Ubicación en estantería Fecha de adquisición Fuente de adquisición Signatura topográfica completa Código de barras Fecha visto por última vez Precio válido a partir de Tipo de ítem Koha
    Dewey Decimal Classification Excluido de préstamo   Patrimonio Dominicano Biblioteca Nacional Pedro Henríquez Ureña Biblioteca Nacional Pedro Henríquez Ureña Depósito 26.04.2022 Carlo E. Otero BNPHU PD 923.27293 D812p 2022-5785 29.11.2022 29.11.2022 Libro

Con tecnología Koha